000 00474nam a2200193Ia 4500
005 20250603144433.0
008 250603s9999 xx 000 0 und d
020 _a9780727916396
050 _aRA 790.5 .T45/
100 _aEdited by Teifion, Davies and Tom, Craig
245 0 _aABC of mental health
250 _a2nd ed.
260 _aUnited Kingdom
260 _bWiley BlackWell
260 _c2009
300 _a118 p
650 _aUnited Kingdom
942 _cBK
999 _c38917
_d38917